| 000 | 00399nam a22001337a 4500 | ||
|---|---|---|---|
| 082 |
_a627.52 _bPRI _cL-22, p-3 |
||
| 100 |
_aPriyani, V. B _943556 |
||
| 245 | _aThe fundamental principles of irrigation engineering | ||
| 250 | _a5th ed. | ||
| 260 |
_aKarachi; _bAsian Book Centre, 49, Zoological Garden, _cc1954 |
||
| 526 |
_a0 _b0 _c0 _d627_520000000000000_PRI |
||
| 650 |
_aMCE _9379 |
||
| 942 |
_2ddc _cBK |
||
| 999 |
_c547872 _d547872 |
||